|
|
|
|
| LEADER |
00000nab a2200000 a 4500 |
| 001 |
vtls001487753 |
| 003 |
SK-MaSNL |
| 005 |
20260304140054.0 |
| 008 |
250505c2003 xo mr|p|||||||000 b|slo |
| 015 |
|
|
|a SNBRB2005/01
|2 snkbucl
|
| 035 |
|
|
|a (uuid)f56dc54d-91f5-4e0e-a514-fa7a757a4dcf
|
| 035 |
|
|
|a urn:nbn:sk:snk-abby5q
|
| 035 |
|
|
|a (urnnbn)urn:nbn:sk:snk:ar-003y63
|
| 038 |
|
|
|a SNKBUCL
|
| 040 |
|
|
|a SNKBUCL
|b slo
|c SNKBUCL
|e AACR2
|
| 041 |
0 |
|
|a slo
|
| 044 |
|
|
|a xo
|c SK
|
| 080 |
|
|
|a 316.343.6-053.6
|2 1997
|
| 080 |
|
|
|a 316.4.05
|2 1997
|
| 080 |
|
|
|a 94(100)
|x "196/199"
|2 1997
|
| 100 |
1 |
|
|a Michelko, Roman,
|d 1971-
|4 aut
|9 111219
|
| 245 |
1 |
0 |
|a Revolty mladých
|b hodnotové konfrontácie mládeže a spoločnosti v 60-tych až 90-tych rokoch
|c Roman F. Michelko
|
| 650 |
0 |
7 |
|a mládež a spoločnosť
|2 snkbucl
|9 533588
|
| 650 |
0 |
7 |
|a spoločnosť a mládež
|2 snkbucl
|9 1456099
|
| 773 |
0 |
|
|t Dotyky
|g Roč. XV, č. 2 (2003), s. 59-62
|x 1210-2210
|
| 850 |
|
|
|a Slovenská národná knižnica
|
| 852 |
|
|
|a Slovenská národná knižnica
|
| 958 |
|
|
|a article15
|
| 958 |
|
|
|a OND
|
| 958 |
|
|
|a EUIPO
|
| 999 |
|
|
|c 2913447
|d 2915377
|